000 01217nam2a22002411 4500
001 RU\NLR\INFOCOMM10\1000105647
005 20250617140005.0
035 _a(NLR Aleph) 002648136
090 _a3845934
_c3845934
100 _a20031223d2001 |||y0rusy50 ca
101 0 _arus
102 _aRU
105 _ay |||||||||
200 0 _a2001, №2
210 _d2001
_aБ. м.
461 0 _1001RU\NLR\INFOCOMM10\1000105646
_12001#$aВестник аналитики$eЖурн. аналит. материалов по пробл. экономики, внутр. и внеш. политики, социологии, информатики$fИн-т стратег. оценок и анализа$v2001, №2
_93845922
_cМ.
_d2001 -
_fИн-т стратег. оценок и анализа
_nИн-т стратег. оценок и анализа
_oЖурн. аналит. материалов по пробл. экономики, внутр. и внеш. политики, социологии, информатики
_tВестник аналитики
_v2001, №2
801 1 _aRU
_bInfoComm
_c20031223
801 0 _aRU
_bNLR
_gPSBO
852 _aNLR
_jП22/7486
942 _cISSUE
980 _aNB
980 _aRUSPER